000 00311nam a22001337a 4500
008 180919b xxu||||| |||| 00| 0 eng d
020 _a9781400062751
041 _aeng
080 _a159.9
100 _a48
101 _aPSI
245 _aMindset The New Psychology Of Success
_cDweck.S.C
942 _2udc
_cBK
999 _c48019
_d48019